[Event "Windsor NAYCC U14 Girls"]
[Site "Windsor"]
[Date "2016.08.11"]
[Round "9.54"]
[White "Li, Jewel"]
[Black "Yen, Sarah"]
[Result "0-1"]
[WhiteElo "980"]
[BlackElo "1802"]
[PlyCount "78"]
[EventDate "2016.08.07"]
[EventType "swiss"]
[EventRounds "9"]
[EventCountry "CAN"]
[SourceTitle "EXT 2022"]
[Source "ChessBase"]
[SourceDate "2021.10.06"]
[SourceVersion "1"]
[SourceVersionDate "2021.10.06"]
[SourceQuality "1"]

1. e4 e6 2. d4 d5 3. exd5 exd5 4. Nf3 Bf5 5. Nc3 c6 6. Bf4 Bb4 7. Be2 Nf6 8. 0-0 0-0 9. a3 Bxc3 10. bxc3 Ne4 11. Qd3 Ng3 12. Qd2 Nxf1 13. Rxf1 Qe7 14. a4 Qa3 15. Bd3 Bxd3 16. cxd3 Qxa4 17. Bd6 Re8 18. Qb2 Qb5 19. Qc2 a5 20. Rb1 Qa6 21. Ne5 f6 22. Bc5 b5 23. Ng4 Nd7 24. Bd6 Re6 25. Ba3 Rae8 26. Ne3 Nf8 27. g3 Qa7 28. Kg2 Qf7 29. Qe2 f5 30. Qf3 Ng6 31. Qd1 f4 32. Nc2 fxg3 33. hxg3 Re2 34. Rc1 Qxf2+ 35. Kh3 Qh2+ 36. Kg4 h5+ 37. Kg5 Qxg3+ 38. Kf5 Rf2+ 39. Qf3 Rxf3# 0-1

[Event "Windsor NAYCC U14 Girls"]
[Site "Windsor"]
[Date "2016.08.10"]
[Round "7.55"]
[White "Yen, Sarah"]
[Black "Zhang, Jeannie"]
[Result "1-0"]
[WhiteElo "1802"]
[BlackElo "1459"]
[PlyCount "65"]
[EventDate "2016.08.07"]
[EventType "swiss"]
[EventRounds "9"]
[EventCountry "CAN"]
[SourceTitle "EXT 2022"]
[Source "ChessBase"]
[SourceDate "2021.10.06"]
[SourceVersion "1"]
[SourceVersionDate "2021.10.06"]
[SourceQuality "1"]

1. e4 c5 2. Nf3 Nc6 3. c3 g6 4. Bc4 Bg7 5. 0-0 d6 6. Re1 Nf6 7. h3 0-0 8. d4 cxd4 9. Nxd4 a6 10. Bg5 Qc7 11. Bb3 b5 12. Nxc6 Qxc6 13. Bd5 Nxd5 14. exd5 Qb6 15. Rxe7 Bb7 16. Be3 Qd8 17. Rxb7 Re8 18. Qf3 Rf8 19. Nd2 Rb8 20. Rxb8 Qxb8 21. Nb3 Re8 22. Bd4 Qc7 23. Bxg7 Kxg7 24. Qd3 Kg8 25. Nd4 Qd7 26. Nc6 Qb7 27. b4 Qd7 28. a4 Qb7 29. axb5 axb5 30. Ra7 Qb6 31. Qf3 f5 32. Qf4 Rf8 33. Qh6 1-0

[Event "Windsor NAYCC U14 Girls"]
[Site "Windsor"]
[Date "2016.08.09"]
[Round "5.51"]
[White "Chin, Angelica"]
[Black "Yen, Sarah"]
[Result "1-0"]
[WhiteElo "1970"]
[BlackElo "1802"]
[PlyCount "97"]
[EventDate "2016.08.07"]
[EventType "swiss"]
[EventRounds "9"]
[EventCountry "CAN"]
[SourceTitle "EXT 2022"]
[Source "ChessBase"]
[SourceDate "2021.10.06"]
[SourceVersion "1"]
[SourceVersionDate "2021.10.06"]
[SourceQuality "1"]

1. e4 e6 2. d4 d5 3. Nd2 Nf6 4. e5 Nfd7 5. Bd3 c5 6. c3 Nc6 7. Ne2 Qb6 8. Nf3 h6 9. 0-0 Be7 10. h3 0-0 11. Rb1 cxd4 12. cxd4 Nb4 13. a3 Nxd3 14. Qxd3 Qd8 15. Nc3 Nb6 16. b3 Bd7 17. Bb2 Rc8 18. Rbc1 a6 19. Rc2 Rc7 20. Rfc1 Qb8 21. a4 Rfc8 22. Ne2 Rxc2 23. Rxc2 Rxc2 24. Qxc2 Qc8 25. Qxc8+ Nxc8 26. Ne1 b5 27. axb5 Bxb5 28. Nc3 Nb6 29. Nxb5 axb5 30. Nc2 Na8 31. Ba3 Bg5 32. Bd6 Bc1 33. Kf1 f6 34. Ke2 fxe5 35. dxe5 Bb2 36. Kd3 Nb6 37. Nd4 Nc4 38. bxc4 bxc4+ 39. Ke3 Bxd4+ 40. Kxd4 Kf7 41. f4 g6 42. g4 h5 43. Bb4 hxg4 44. hxg4 Ke8 45. f5 gxf5 46. gxf5 exf5 47. Kxd5 c3 48. Bxc3 f4 49. Ke4 1-0